RANDOM RANDOM SLUG!!! - Statistics

General Stats
  • This quiz has been taken 2 times
  • The average score is 13 of 16
Answer Stats
Picture Answer % Correct
Bananas
100%
LeBron James
100%
Pineapple
100%
SLUG!
100%
SLUG!
100%
SLUG!
100%
SLUG!
100%
SLUG!
100%
Snail
100%
Soccer/Football
100%
Trout
100%
Barrel Cactus
50%
Gravel
50%
Milwaukee Art Museum
50%
Nudibrach
0%
Sea Anemones
0%
No matching quizzes found
Score Distribution
Percent of People with Each Score
Percentile by Number Answered
Your Score History
You have not taken this quiz